Практикум по разработке бизнес-плана и финансовому анализу предприятия: учебное пособие

Detalles Bibliográficos
Autor Principal: Сухова Л. Ф. Лидия Федоровна
Outros autores: Чернова Н. А. Нина Александровна
Summary:Рассматривается методика составления бизнес-плана, а также оценка и анализ финансового состояния предприятия на конкретных примерах. В книге приводится большое количество таблиц, которые можно использовать на практике по разработке бизнес-планов для предприятий малого бизнеса. Для студентов, аспирантов экономических вузов, а также практических работников экономических, финансовых и маркетинговых служб предприятий.
Idioma:ruso
Publicado: Москва, Финансы и статистика, 2007
Subjects:
Formato: Libro
KOHA link:https://koha.lib.tpu.ru/cgi-bin/koha/opac-detail.pl?biblionumber=118820

MARC

LEADER 00000nam0a2200000 4500
001 118820
005 20231031124326.0
010 |a 9785279021697 
035 |a (RuTPU)RU\TPU\book\128567 
035 |a RU\TPU\book\62402 
090 |a 118820 
100 |a 20031216d2007 m y0rusy50 ca 
101 0 |a rus 
102 |a RU 
105 |a a j 001zy 
200 1 |a Практикум по разработке бизнес-плана и финансовому анализу предприятия  |e учебное пособие  |f Л. Ф. Сухова, Н. А. Чернова 
210 |a Москва  |c Финансы и статистика  |d 2007 
215 |a 160 с.  |c ил. 
320 |a Библиогр.: с. 156-157. 
330 |a Рассматривается методика составления бизнес-плана, а также оценка и анализ финансового состояния предприятия на конкретных примерах. В книге приводится большое количество таблиц, которые можно использовать на практике по разработке бизнес-планов для предприятий малого бизнеса. Для студентов, аспирантов экономических вузов, а также практических работников экономических, финансовых и маркетинговых служб предприятий. 
451 1 |0 (RuTPU)RU\TPU\book\62402  |y 5-279-02169-5  |t Практикум по разработке бизнес-плана и финансовому анализу предприятия  |o учебное пособие  |f Л. Ф. Сухова, Н. А. Чернова  |c М.  |n Финансы и статистика  |d 2003  |p 160 с.  |a Сухова, Лидия Федоровна 
610 1 |a экономика 
610 1 |a предприятия 
610 1 |a управление 
610 1 |a планирование 
610 1 |a бизнес-план 
610 1 |a финансовое состояние 
610 1 |a анализ 
610 1 |a учебные пособия 
686 |a У9(2)29-2  |v LBC/SL-A  |2 rubbk 
686 |a У053я73  |v LBC/SL-A  |2 rubbk 
700 1 |a Сухова  |b Л. Ф.  |g Лидия Федоровна 
701 1 |a Чернова  |b Н. А.  |g Нина Александровна 
801 1 |a RU  |b 63413507  |c 20070619  |g PSBO 
801 2 |a RU  |b 63413507  |c 20210922  |g PSBO 
900 |a Бизнес-планирование 
942 |c BK 
954 |b 080100 
959 |a 47/20070604  |d 3  |e 60,00  |f АНЛ:2  |f ЧЗГЛ:1